ბათუმის შოთა რუსთაველის სახელმწიფო უნივერსიტეტის ბიბლიოთეკა

ჩარჩოების ანგარიში ძალთა მეთოდით : (ბიბ.ჩანაწერი № 40353)

000 -ლიდერი
ფიქსირებული სიგრძის საკონტროლო ველი 01173nam a2200217Ia 4500
001 - საკონტროლო ნომერი
საკონტროლო ველი 6961
003 - საკონტროლო ნომრის იდენტიფიკატორი
საკონტროლო ველი GE_BSU
005 - ბოლო ოპერაციის თარიღი და დრო
საკონტროლო ველი 20190424170440.0
008 - ფიქსირებული სიგრძის მონაცემთა ელემენტები - ზოგადი ინფორმაცია
ფიქსირებული სიგრძის საკონტროლო ველი 181216s1986 ge |||||||||||||| ||geo||
040 ## - კატალოგიზაციის წყარო
Transcribing agency GE_BSU
041 ## - ენის კოდი
Language code of text/sound track or separate title geo
080 ## - უნივერსალური ათობითი კლასიფიკაციის ინდექსი
Universal Decimal Classification number 624.072.33 ჩ-23
245 ## - ცნობა სათაურის შესახებ
Title ჩარჩოების ანგარიში ძალთა მეთოდით :
Remainder of title მეთოდური მითითებები საკურსო მოცემულობების შესასრულებლად სამშენებლო მექანიკაში /
Statement of responsibility, etc შემდგ. ა.ბერაია ; რედ. მ.ძიძიგური.
264 ## - წარმოების, გამოცემის, დისტრიბუციის და სხვა ცნობები
გამოცემის, წარმოების, დისტრიბუციის... ადგილი თბილისი :
გამოცემის, წარმოების, დისტრიბუციის... სახელწოდება სპი,
გამოცემის, წარმოების, დისტრიბუციის... თარიღი 1986.
300 ## - ფიზიკური აღწერა
Extent 71 გვ. :
Other physical details ნახაზები ;
Dimensions 20 სმ.
653 ## - INDEX TERM--UNCONTROLLED
Uncontrolled term ჩარჩოების ანგარიში ძალთა მეთოდით
653 ## - INDEX TERM--UNCONTROLLED
Uncontrolled term სამშენებლო კონსტრუქციები
700 ## - ADDED ENTRY--PERSONAL NAME
Personal name ბერაია, ა.
Relator term შემდგენელი
9 (RLIN) 478
700 ## - ADDED ENTRY--PERSONAL NAME
Personal name ძიძიგური, მ.
Relator term რედაქტორი
9 (RLIN) 472
942 ## - ADDED ENTRY ELEMENTS (KOHA)
Koha item type წიგნი
Source of classification or shelving scheme
ეგზემპლარები
ჩამოწერის სტატუსი დაკარგული ეგზემპლარის სტატუსი კლასიფიკაციის წყარო ან თაროზე გაწყობის სქემა დაზიანების სტატუსი არ გაიცემა მუდმივი მდებარეობა (დაცვის ადგილი) ამჟამინდელი ადგილსამყოფელი თაროზე განთავსების ადგილი შეძენის თარიღი ღირებულება, შესყიდვის ნორმალური ფასი სრული შენახვის შიფრი შტრიხკოდი ბოლო ოპერაციის თარიღი ეგზემპლარის მიმდევრობითი ნომერი (კეტერი?) ფასის ძალაში შესვლის თარიღი ეგზემპლარის სახეობა საჯარო შენიშვნა
          ბათუმის შოთა რუსთაველის სახელმწიფო უნივერსიტეტის მთავარი ბიბლიოთეკა ტექნოლოგიური ფაკულტეტის ბიბლიოთეკა წიგნსაცავი 2018-12-17 0.18 624.072.33 ჩ-23 11359 2018-12-17 11359 2018-12-17 წიგნი 0.18 ლ.
          ბათუმის შოთა რუსთაველის სახელმწიფო უნივერსიტეტის მთავარი ბიბლიოთეკა ტექნოლოგიური ფაკულტეტის ბიბლიოთეკა წიგნსაცავი 2018-12-17 0.18 624.072.33 ჩ-23 11360 2018-12-17 11360 2018-12-17 წიგნი 0.18 ლ.
          ბათუმის შოთა რუსთაველის სახელმწიფო უნივერსიტეტის მთავარი ბიბლიოთეკა ტექნოლოგიური ფაკულტეტის ბიბლიოთეკა წიგნსაცავი 2018-12-17 0.18 624.072.33 ჩ-23 11361 2018-12-17 11361 2018-12-17 წიგნი 0.18 ლ.
          ბათუმის შოთა რუსთაველის სახელმწიფო უნივერსიტეტის მთავარი ბიბლიოთეკა ტექნოლოგიური ფაკულტეტის ბიბლიოთეკა წიგნსაცავი 2018-12-17 0.18 624.072.33 ჩ-23 11362 2018-12-17 11362 2018-12-17 წიგნი 0.18 ლ.
          ბათუმის შოთა რუსთაველის სახელმწიფო უნივერსიტეტის მთავარი ბიბლიოთეკა ტექნოლოგიური ფაკულტეტის ბიბლიოთეკა წიგნსაცავი 2018-12-17 0.18 624.072.33 ჩ-23 11363 2018-12-17 11363 2018-12-17 წიგნი 0.18 ლ.